Δημοσθένους κατά Μειδίου : αρχαίον κείμενον. Δημοσθένους λόγοι : κατά Νεαίρας
Αποθηκεύτηκε σε:
| Κύριος συγγραφέας: | |
|---|---|
| Άλλοι συγγραφείς: | |
| Μορφή: | Βιβλίο |
| Γλώσσα: | Greek Ancient Greek |
| Δημοσίευση: |
Αθήναι :
Ι.Ν. Ζαχαρόπουλος,
[1957]
|
| Σειρά: | Κλασσική βιβλιοθήκη. Αρχαίοι Έλληνες συγγραφείς ;
; 83, 100 |
| Θέματα: | |
| Ετικέτες: |
Προσθήκη ετικέτας
Δεν υπάρχουν, Καταχωρήστε ετικέτα πρώτοι!
|
MARC
| LEADER | 00000cam a2200000 i 4500 | ||
|---|---|---|---|
| 001 | 1/28283 | ||
| 008 | 060417s1957 gre d | ||
| 035 | |l 10083615 | ||
| 040 | |a GR-MY-UA |b gre |e aacr | ||
| 041 | 0 | |a gre |h grc | |
| 082 | 0 | |a 885.3 |2 (22) | |
| 100 | 0 | |a Δημοσθένης, |d 384-322. | |
| 245 | 1 | 0 | |a Δημοσθένους κατά Μειδίου : |b αρχαίον κείμενον. Δημοσθένους λόγοι : κατά Νεαίρας / Δημοσθένης ; εισαγωγή - μεταφράσις - σχόλια Νίκωνος Γ. Κασιμάκου, Θ.Γ. Παπακωνσταντίνου |
| 246 | 3 | 3 | |a Κατά Μειδίου |
| 260 | |a Αθήναι : |b Ι.Ν. Ζαχαρόπουλος, |c [1957] | ||
| 300 | |a π. 450 σ.; |c 21 εκ. | ||
| 490 | 1 | |a Αρχαίοι Έλληνεις συγγραφείς |v ; 83, 100 | |
| 500 | |a Το τεκμήριο περιλαμβάνει και τα δυο έργα μαζί | ||
| 600 | 0 | 7 | |2 nlgaf |a Δημοσθένης, |d 384-322. |
| 650 | 0 | 0 | |a Greek literature, Hellenistic. |
| 650 | 0 | 0 | |a Speeches, addresses, etc., Greek. |
| 700 | 1 | |a Παπακωνσταντίνου, Θεόδωρος Γ., |d 1936- |4 aui |4 trl |4 cmm | |
| 740 | 0 | 2 | |a Δημοσθένους λόγοι |
| 830 | 0 | |a Κλασσική βιβλιοθήκη. |p Αρχαίοι Έλληνες συγγραφείς ; |v ; 83, 100 | |
| 852 | |a INST |b RHODES |c KRI |e 20060417 |h 885.3 ΔΗΜ |p 005400021362 |q 005400021362 |t BK |y 0 | ||
| 901 | |a BIBL4-2006-1 | ||
| 909 | |a Ρ |b 123232 | ||
| 970 | |a ΚΟΖΑ |b ΜΑΡΙΑ |z 2006/04/17 | ||